Logo

Description automatically generated
विद्यार्जन
 संसाधन केंद्र, भारतीय प्रौद्योगिकी संस्थान इन्दौर
Learning Resource Center, Indian Institute of Technology Indore

ऑनलाइन सार्वजनिक अभिगम प्रसूची
Online Public Access Catalogue (OPAC)

Selected fiction (Record no. 57382)

MARC details
000 -LEADER
fixed length control field 00477nam a2200181Ia 4500
005 - DATE AND TIME OF LATEST TRANSACTION
control field 20260704175958.0
008 - FIXED-LENGTH DATA ELEMENTS--GENERAL INFORMATION
fixed length control field 260704s9999||||xx |||||||||||||| ||und||
020 ## - INTERNATIONAL STANDARD BOOK NUMBER
International Standard Book Number 9780141007007
Qualifying information pbk
082 ## - DEWEY DECIMAL CLASSIFICATION NUMBER
Classification number 823
Item number DAS
100 ## - MAIN ENTRY--PERSONAL NAME
Personal name Das, Manoj
245 #0 - TITLE STATEMENT
Title Selected fiction
260 ## - PUBLICATION, DISTRIBUTION, ETC.
Place of publication, distribution, etc. Gurgaon
Name of publisher, distributor, etc. Penguin Random House India
Date of publication, distribution, etc. 2001
300 ## - PHYSICAL DESCRIPTION
Extent vii, 349p. ; 20cm.
653 ## - INDEX TERM--UNCONTROLLED
Uncontrolled term India Fiction
653 ## - INDEX TERM--UNCONTROLLED
Uncontrolled term India Fiction
653 ## - INDEX TERM--UNCONTROLLED
Uncontrolled term Short stories, Indic (English)
942 ## - ADDED ENTRY ELEMENTS (KOHA)
Koha item type Book
Holdings
Withdrawn status Lost status Damaged status Not for loan Home library Current library Shelving location Date acquired Source of acquisition Total Checkouts Full call number Barcode Date last seen Price effective from Koha item type
        LRC, IIT Indore LRC, IIT Indore 2nd Floor - General Stack 04/07/2026 Gratis Book Price: INR 399.00   823 DAS G2607 04/07/2026 04/07/2026 Book
Copyright © 2017-2026 Indian Institute of Technology Indore. All Rights Reserved.
Managed & maintained by Learning Resource Center, IIT Indore